[Event "DVM U20w 2017"]
[Site "Düsseldorf GER"]
[Date "2017.12.28"]
[Round "4"]
[White "Peil, Celine"]
[Black "Miljkovic, Jovana"]
[Result "1-0"]
[Termination "normal"]
[Board "3.1"]
[BlackTitle "WFM"]
[WhiteElo "1705"]
[BlackElo "1882"]
[WhiteTeam "USG Chemnitz"]
[BlackTeam "SV Lingen"]
[PlyCount "73"]
[WhiteFideId "12942219"]
[BlackFideId "958336"]
[EventCountry "GER"]
[EventRounds "7"]
[EventType "team-round robin"]
[EventDate "2017.12.26"]

1. e4 c5 2. Nf3 d6 3. d4 cxd4 4. Nxd4 Nf6 5. Nc3 a6 6. a4 e6 7. Be2 Be7 8. O-O
O-O 9. Kh1 Nc6 10. Nb3 e5 11. f4 exf4 12. Bxf4 Ne5 13. Qe1 Be6 14. Qg3 Ng6 15.
Be3 Rc8 16. Rad1 Rxc3 17. bxc3 Nxe4 18. Qe1 Bh4 19. g3 Bf6 20. Bd4 Qc7 21. c4
Bh3 22. Bf3 Bxf1 23. Qxe4 Bxd4 24. Rxd4 b6 25. Qd5 Rd8 26. a5 Ne7 27. Qb7 Qxb7
28. Bxb7 bxa5 29. Kg1 Bh3 30. c5 Bc8 31. Nxa5 f6 32. Rxd6 Re8 33. c6 Nf5 34.
Rd3 Kf8 35. c7 Kf7 36. Rd8 Ne7 37. Nc4 1-0

[Event "DVM U20w 2017"]
[Site "Düsseldorf GER"]
[Date "2017.12.28"]
[Round "4"]
[White "Schlichter, Lisa"]
[Black "Kluge, Leyla"]
[Result "1/2-1/2"]
[Termination "normal"]
[Board "3.2"]
[WhiteElo "1669"]
[BlackElo "1600"]
[WhiteTeam "SV Lingen"]
[BlackTeam "USG Chemnitz"]
[PlyCount "93"]
[WhiteFideId "12926396"]
[BlackFideId "12918172"]
[EventCountry "GER"]
[EventRounds "7"]
[EventType "team-round robin"]
[EventDate "2017.12.26"]

1. e4 c5 2. Nf3 Nc6 3. b3 Nf6 4. e5 Ng4 5. Bb2 d6 6. Bb5 d5 7. Bxc6+ bxc6 8.
Ng5 Nh6 9. Qe2 g6 10. e6 f6 11. O-O Bg7 12. c4 d4 13. Nf7 Nxf7 14. exf7+ Kxf7
15. d3 Re8 16. f4 f5 17. Nd2 e5 18. fxe5 Rxe5 19. Qd1 Qe7 20. Nf3 Re3 21. Re1
Bd7 22. Bc1 Rxe1+ 23. Qxe1 Qd6 24. Qf2 Re8 25. Bg5 h6 26. Bd2 g5 27. Re1 Rxe1+
28. Nxe1 g4 29. Bf4 Be5 30. g3 Bxf4 31. Qxf4 Qxf4 32. gxf4 Kg6 33. Kf2 Kh5 34.
Kg3 Kg6 35. Kh4 a5 36. Nc2 Bc8 37. Na3 Bd7 38. Nb1 Bc8 39. Nd2 Bd7 40. Nf1 Bc8
41. Ng3 Bd7 42. Nh1 Be8 43. Nf2 Kf6 44. Nd1 Kg6 45. Nb2 Kf6 46. Na4 Ke7 47. Kg3
1/2-1/2

[Event "DVM U20w 2017"]
[Site "Düsseldorf GER"]
[Date "2017.12.28"]
[Round "4"]
[White "Wienhold, Nadine"]
[Black "Möller, Hannah"]
[Result "0-1"]
[Termination "normal"]
[Board "3.3"]
[WhiteElo "1422"]
[BlackElo "1636"]
[WhiteTeam "USG Chemnitz"]
[BlackTeam "SV Lingen"]
[PlyCount "70"]
[WhiteFideId "12964514"]
[BlackFideId "1270514"]
[EventCountry "GER"]
[EventRounds "7"]
[EventType "team-round robin"]
[EventDate "2017.12.26"]

1. e4 g6 2. d4 Bg7 3. Nf3 d6 4. c3 Nf6 5. Bd3 O-O 6. h3 c5 7. O-O a6 8. Be3
cxd4 9. Nxd4 b5 10. Nf3 Bb7 11. Nbd2 Nc6 12. Qc2 Qc7 13. Rfe1 Rac8 14. Rac1 d5
15. exd5 Nxd5 16. Bc5 Ne5 17. Nxe5 Bxe5 18. Nf3 Bf4 19. Be3 Nxe3 20. fxe3 Bh6
21. Be4 Rcd8 22. Bxb7 Qxb7 23. Rcd1 Rd7 24. Nd4 Rfd8 25. e4 e5 26. Nf3 Rxd1 27.
Rxd1 Rxd1+ 28. Qxd1 Qxe4 29. Qd8+ Kg7 30. Qd1 Qe3+ 31. Kf1 Bf4 32. Qc2 e4 33.
Nd4 Bg3 34. Qe2 Qc1+ 35. Qe1 Qxe1# 0-1

[Event "DVM U20w 2017"]
[Site "Düsseldorf GER"]
[Date "2017.12.28"]
[Round "4"]
[White "Schäfer, Leonie"]
[Black "Fuchs, Joline"]
[Result "1/2-1/2"]
[Termination "normal"]
[Board "3.4"]
[WhiteElo "1395"]
[BlackElo "1393"]
[WhiteTeam "SV Lingen"]
[BlackTeam "USG Chemnitz"]
[PlyCount "76"]
[WhiteFideId "16241851"]
[BlackFideId "12964506"]
[EventCountry "GER"]
[EventRounds "7"]
[EventType "team-round robin"]
[EventDate "2017.12.26"]

1. Nf3 b6 2. g3 Bb7 3. Bg2 e6 4. O-O Nf6 5. d4 Be7 6. c4 O-O 7. Nc3 Re8 8. b3
Ne4 9. Bb2 Nxc3 10. Bxc3 Bf6 11. Qc2 d6 12. Rad1 Qe7 13. Rfe1 c5 14. dxc5 dxc5
15. Rd2 Bxc3 16. Qxc3 Nd7 17. Red1 Nf6 18. Qc2 Rad8 19. Ng5 Bxg2 20. Kxg2 Rxd2
21. Rxd2 h6 22. Ne4 Qb7 23. f3 Nxe4 24. Qxe4 Qxe4 25. fxe4 Re7 26. Rd8+ Kh7 27.
Kf3 Kg6 28. h4 f6 29. g4 h5 30. gxh5+ Kxh5 31. Kf4 e5+ 32. Kg3 {(=)} Rc7 33.
Rd5 g5 34. hxg5 Rg7 35. Kf3 Kxg5 36. Rd1 Rf7 37. Rd5 Re7 38. Rd1 Rf7 1/2-1/2

[Event "DVM U20w 2017"]
[Site "Düsseldorf GER"]
[Date "2017.12.28"]
[Round "4"]
[White "Gatzke, Carolin"]
[Black "Wolff, Marie Antoinette"]
[Result "0-1"]
[Termination "normal"]
[Board "4.1"]
[WhiteElo "1787"]
[BlackElo "1744"]
[WhiteTeam "Karlsruher SF"]
[BlackTeam "Leegebrucher SF"]
[PlyCount "132"]
[WhiteFideId "12943746"]
[BlackFideId "12908258"]
[EventCountry "GER"]
[EventRounds "7"]
[EventType "team-round robin"]
[EventDate "2017.12.26"]

1. e4 c5 2. Nf3 Nc6 3. d4 cxd4 4. Nxd4 d6 5. c4 g6 6. Be3 Bg7 7. Qd2 Bd7 8. Nc3
a6 9. Nd5 Nf6 10. Nxc6 Bxc6 11. Bb6 Qc8 12. Nc7+ Kf8 13. Nxa8 Nxe4 14. Qc2 Qxa8
15. Be2 Ng5 16. f3 h5 17. Be3 Ne6 18. O-O-O Bf6 19. Bd3 Kg7 20. Be4 Rb8 21. Bb6
Rc8 22. Kb1 a5 23. Be3 Qa6 24. Bd3 b5 25. cxb5 Bxb5 26. Qe2 Rb8 27. Bc1 Nd4 28.
Qe3 a4 29. Bxb5 Nxb5 30. Rd3 Qc6 31. a3 Qc4 32. Ka1 Nd4 33. Qe4 d5 34. Qf4 Nc2+
35. Kb1 Rxb2+ 36. Bxb2 Nxa3+ 37. Rxa3 Qxf4 38. Bxf6+ exf6 39. g3 Qb4+ 40. Ka2
Qd2+ 41. Kb1 d4 42. Rxa4 Qd3+ 43. Kb2 Qxf3 44. Rc1 d3 45. Rd4 Qe3 46. Rf4 d2
47. Rd1 Qe2 48. Kc2 Qxh2 49. Rf3 Qe2 50. Rd3 g5 51. R1xd2 Qg4 52. Rf2 f5 53.
Rdf3 Kg6 54. Kd2 Qe4 55. Re3 Qd4+ 56. Ke2 h4 57. gxh4 Qxh4 58. Re5 f4 59. Ra5
Qg3 60. Kf1 f3 61. Ra3 g4 62. Ra6+ Kg5 63. Raa2 Qf4 64. Rfc2 g3 65. Ra3 Kg4 66.
Rac3 g2+ 0-1

[Event "DVM U20w 2017"]
[Site "Düsseldorf GER"]
[Date "2017.12.28"]
[Round "4"]
[White "Schiewe, Nadin"]
[Black "Grining, Maria"]
[Result "1/2-1/2"]
[Termination "normal"]
[Board "4.2"]
[WhiteElo "1498"]
[BlackElo "1639"]
[WhiteTeam "Leegebrucher SF"]
[BlackTeam "Karlsruher SF"]
[PlyCount "90"]
[WhiteFideId "16209079"]
[BlackFideId "16235037"]
[EventCountry "GER"]
[EventRounds "7"]
[EventType "team-round robin"]
[EventDate "2017.12.26"]

1. e4 c6 2. d4 d5 3. exd5 cxd5 4. Bd3 Nf6 5. h3 e6 6. Bf4 Bd6 7. Bxd6 Qxd6 8.
Nd2 b6 9. Ngf3 O-O 10. c3 Nc6 11. O-O Bb7 12. Re1 Rac8 13. Ne5 Ne7 14. Qa4 a5
15. Re2 Rfd8 16. Rae1 Nh5 17. Bxh7+ Kf8 18. Bc2 Nc6 19. Ndf3 Nxe5 20. Nxe5 b5
21. Qxa5 Ra8 22. Qb4 Qxb4 23. cxb4 Rxa2 24. Bb3 Raa8 25. Re3 Nf6 26. f3 Ne8 27.
Rc3 Nd6 28. Rc7 Rac8 29. Rec1 Ke8 30. Rxc8 Rxc8 31. Rxc8+ Nxc8 32. Bc2 Ne7 33.
g4 f6 34. Nd3 Nc6 35. Nc5 Bc8 36. Nb3 Nxb4 37. Bb1 Nc6 38. Kf2 e5 39. dxe5 fxe5
40. Bd3 b4 41. Bb5 Bd7 42. Nc5 Ke7 43. Nxd7 Kxd7 44. Bxc6+ Kxc6 45. b3 Kd6 {(=)
} 1/2-1/2

[Event "DVM U20w 2017"]
[Site "Düsseldorf GER"]
[Date "2017.12.28"]
[Round "4"]
[White "Bykov, Ilona"]
[Black "Jacoby, Angelina"]
[Result "1-0"]
[Termination "normal"]
[Board "4.3"]
[WhiteElo "1468"]
[BlackElo "1167"]
[WhiteTeam "Karlsruher SF"]
[BlackTeam "Leegebrucher SF"]
[PlyCount "99"]
[WhiteFideId "12964433"]
[BlackFideId "12999008"]
[EventCountry "GER"]
[EventRounds "7"]
[EventType "team-round robin"]
[EventDate "2017.12.26"]

1. e4 Nf6 2. Nc3 e5 3. Nf3 Nc6 4. Bb5 d6 5. d4 exd4 6. Nxd4 Bd7 7. Nxc6 Bxc6 8.
Bxc6+ bxc6 9. O-O Be7 10. Re1 O-O 11. Bf4 Rb8 12. b3 Re8 13. Qf3 Nd7 14. Rad1
Bf6 15. Bg3 Qe7 16. e5 Nxe5 17. Bxe5 Bxe5 18. Qxc6 Rb6 19. Qc4 Qd7 20. f4 Bxc3
21. Qxc3 Rbb8 22. Qd4 Ra8 23. Kf2 Qc6 24. Qd3 Rxe1 25. Rxe1 Re8 26. Rxe8+ Qxe8
27. Qa6 Qb8 28. Qc6 Qd8 29. Kf3 g6 30. Qb7 a5 31. Qd5 c5 32. c3 Qb6 {(=)} 33.
f5 Kg7 34. Kf4 Qc7 35. g4 Qe7 36. Qe4 Qf6 37. g5 Qxf5+ 38. Qxf5 gxf5 39. Kxf5
d5 40. Ke5 Kg6 41. Kxd5 Kxg5 42. Kxc5 f5 43. Kd4 Kg4 44. Ke3 f4+ 45. Kf2 Kf5
46. Kf3 Ke5 47. a4 h6 48. h3 h5 49. h4 Kf5 50. b4 1-0

[Event "DVM U20w 2017"]
[Site "Düsseldorf GER"]
[Date "2017.12.28"]
[Round "4"]
[White "Mylke, Sandy-Michelle"]
[Black "Henke, Hanna"]
[Result "1-0"]
[Termination "normal"]
[Board "4.4"]
[WhiteElo "1350"]
[BlackElo "1182"]
[WhiteTeam "Leegebrucher SF"]
[BlackTeam "Karlsruher SF"]
[PlyCount "127"]
[WhiteFideId "16235045"]
[BlackFideId "12964441"]
[EventCountry "GER"]
[EventRounds "7"]
[EventType "team-round robin"]
[EventDate "2017.12.26"]

1. b3 d5 2. Bb2 Nf6 3. e3 e6 4. Nf3 Be7 5. c4 O-O 6. Bd3 c5 7. O-O Nc6 8. Bc2
Qd7 9. d4 b6 10. Nbd2 Rd8 11. Ne5 Qc7 12. f4 dxc4 13. Nxc6 Qxc6 14. bxc4 Bb7
15. Qf3 Qc7 16. Qh3 cxd4 17. Bxd4 b5 18. Bxf6 g6 19. Be5 Qc6 20. Be4 Qd7 21.
cxb5 f5 22. Bxb7 Qxb7 23. Nf3 Qxb5 24. Qh6 Bf8 25. Qg5 Qd7 26. Rad1 Qxd1 27.
Qf6 Qd7 28. Qh8+ Kf7 29. Qxh7+ Ke8 30. Qxg6+ Qf7 31. Qg3 Bd6 32. Ng5 Qe7 33.
Bd4 Rac8 34. h4 Bc5 35. Ba1 Rd3 36. Re1 Rcd8 37. Qf3 Bb4 38. Rc1 Bd2 39. Rb1
Bxe3+ 40. Kh1 Bb6 41. Qh5+ Kd7 42. Qe2 Re3 43. Qb5+ Kc8 44. Rc1+ Bc7 45. Be5
Rd5 46. Qc6 Rdxe5 47. fxe5 Rxe5 48. Qa8+ Kd7 49. Rd1+ Bd6 50. Qxa7+ Ke8 51.
Qa8+ Kd7 52. Qb7+ Kd8 53. Nf7+ Ke8 54. Nxd6+ Kf8 55. Qb8+ Kg7 56. Qb4 Re4 57.
Qc3+ e5 58. Nxf5+ Kf6 59. Nxe7 Kxe7 60. Qc7+ Kf6 61. Rd6+ Kf5 62. Qf7+ Kg4 63.
Rg6+ Kxh4 64. Qh7# 1-0